00335nam a2200121Ia 4500008004100000020002200041041000800063082002700071100002200098245004700120260003700167300000900204230314s9999 xx 000 0 und d a978-93-86150-00-4 aeng aCH/610.7343/VEE/B09126 aVeerabhadrappa GM aShort Textbook of Community Health Nursing bJaypee BrothersaNew Delhic2016 a480p